Encyclopaedia of Islamic Philosophy. (Record no. 348363)

000 -LEADER
fixed length control field 00412 a2200157 4500
020 ## - INTERNATIONAL STANDARD BOOK NUMBER
International Standard Book Number 9695190448
082 ## - DEWEY DECIMAL CLASSIFICATION NUMBER
Classification number 909.09767120
090 ## - LOCALLY ASSIGNED LC-TYPE CALL NUMBER (OCLC); LOCAL CALL NUMBER (RLIN)
-- 5974
-- 5974
100 ## - MAIN ENTRY--PERSONAL NAME
Personal name Nasr,Seyyed Hossein.
245 ## - TITLE STATEMENT
Title Encyclopaedia of Islamic Philosophy.
Statement of responsibility, etc. Seyyed Hossein Nasr.
250 ## - EDITION STATEMENT
Edition statement 1st
260 ## - PUBLICATION, DISTRIBUTION, ETC.
Place of publication, distribution, etc. Lahore.
Name of publisher, distributor, etc. Suhail Academy.
Date of publication, distribution, etc. 2002.
300 ## - PHYSICAL DESCRIPTION
Extent 1211p.
500 ## - GENERAL NOTE
General note Hardcover.
942 ## - ADDED ENTRY ELEMENTS (KOHA)
Institution code [OBSOLETE] NBS
Koha item type Book
Call number prefix 909.09767120 NAS
Holdings
Withdrawn status Lost status Damaged status Not for loan Permanent Location Current Location Date acquired Total Checkouts Full call number Barcode Date last seen Date last checked out Price effective from Koha item type
        Central Library (CL) Central Library (CL) 08/28/2013 1 909.09767120 NAS NBSD-1566 11/23/2017 08/29/2017 08/28/2013 Reference
© 2023 Central Library, National University of Sciences and Technology. All Rights Reserved.